| 000 | 00960nam a2200301 a 4500 | ||
|---|---|---|---|
| 001 | 000014230 | ||
| 005 | 20200929163530.0 | ||
| 008 | 091207s2000 sp 001 f spa d | ||
| 020 | _a8495501643 | ||
| 040 |
_aDO-SdBNP _bspa _cBNPHU |
||
| 041 | 1 | 7 |
_aspa _heng _2Código de idioma MARC |
| 082 |
_a813.54 _bG662d, 2000 |
||
| 100 | 1 |
_aGordon, Noah, _d1926- _932136 |
|
| 240 | 1 | 0 |
_aChoices. _lEspañol |
| 245 | 1 | 3 |
_aLa doctora cole / _cNoah Gordon ; traducción de Jordi Mustieles. |
| 250 | _a[5a ed.] | ||
| 260 |
_a[Madrid] : _bSuma de Letras, _c2000. |
||
| 300 |
_a489, [4] p. ; _c18 cm. |
||
| 490 | 1 |
_aPunto de lectura _v2/3 |
|
| 500 | _aEdición tomada de la cubierta | ||
| 534 |
_pTítulo original en inglés: _tChoices _c1995 |
||
| 650 | 4 |
_aNovela estadounidense _9262 |
|
| 650 | 4 |
_aLiteratura estadounidense _ySIGLO XX _96874 |
|
| 700 | 1 |
_aMustieles, Jordi, _etr. _932145 |
|
| 830 | 0 |
_aPunto de lectura ; _v2/3 _93047 |
|
| 910 | _aWM | ||
| 049 | _aBNGR | ||
| 999 |
_c13829 _d13829 |
||